From big data to big profits: success with data and analytics
Guardat en:
| Autor principal: | |
|---|---|
| Format: | Llibre |
| Idioma: | anglès |
| Publicat: |
Nueva York
Oxford University Press
2015
|
| Edició: | 1a. ed |
| Matèries: | |
| Etiquetes: |
Afegir etiqueta
Sense etiquetes, Sigues el primer a etiquetar aquest registre!
|
MARC
| LEADER | 00000cam a2200000 a 4500 | ||
|---|---|---|---|
| 001 | UCC5467 | ||
| 003 | CL-VaPUC | ||
| 008 | 181012e20150000us |||||||||||||||||eng|d | ||
| 020 | |a 9780199378326 | ||
| 082 | 0 | 4 | |a 658.0557 |b WAL |2 21 |
| 100 | 0 | |a Walker, Russell |e author |9 599769 | |
| 245 | 1 | 0 | |a From big data to big profits: success with data and analytics |
| 250 | |a 1a. ed | ||
| 300 | |a 283 p | ||
| 942 | |c BK | ||
| 945 | |d 20181012 13:26:00 |a dcastane | ||
| 260 | |a Nueva York |b Oxford University Press |c 2015 | ||
| 650 | 7 | |a MINERIA DE DATOS |2 CL-VaPUC |9 599770 | |
| 650 | 0 | |a Proceso de datos |9 259776 | |
| 650 | 7 | |a MANAGEMENT |2 CL-VaPUC |9 471620 | |
| 583 | |a last modification |c 20181012 13:26:00 |k Rodrigo Vera | ||
| 999 | |c 372678 |d 372676 | ||
| 952 | |0 0 |1 0 |3 erd |4 0 |6 658_055700000000000_WAL_2015 |7 0 |8 A |9 490378 |a BIBENE |b BIBENE |i 5505941 |o 658.0557 WAL 2015 |p 5505941 |r 2025-01-15 |w 2019-11-24 |y BK |z Catalogado en:20181012 |k ICO | ||